A Népszövetség és a békerevizió Dr. Buza László előadása a Kálvinista Körben

Elmentve itt :
Bibliográfiai részletek
Dokumentumtípus: Cikk
Megjelent: 1931-01-25
Sorozat:Délmagyarország 7 No. 20
Kulcsszavak:Buza László, Előadás
Online Access:http://dmarchiv.bibl.u-szeged.hu/32032
LEADER 00470nab a2200145 i 4500
001 delm32032
005 20180927103421.0
008 180927s1931 hu o 0|| hun d
040 |a SZTE Délmagyarország Archívum  |b hun 
041 |a hun 
245 0 2 |a A Népszövetség és a békerevizió   |h [elektronikus dokumentum] :  |b Dr. Buza László előadása a Kálvinista Körben 
260 |c 1931-01-25 
300 |a 4 
490 0 |a Délmagyarország  |v 7 No. 20 
695 |a Buza László, Előadás